[Event "SS Manhem Chess Week 2016 GM and IM tournaments"]
[Site "Idrottsvägen 2, Mölnlycke, Sweden"]
[Date "2016.08.16"]
[Round "5.9"]
[White "Fendrich, David"]
[Black "Ziegler, Ari"]
[Result "1-0"]
[BlackElo "2301"]
[WhiteElo "2201"]
[LiveChessVersion "1.4.8"]

1. Nf3 {[%clk 1:30:56]} g6 {[%clk 1:30:52]} 2. g3 {[%clk 1:31:20]} Bg7
{[%clk 1:31:16]} 3. Bg2 {[%clk 1:31:45]} e5 {[%clk 1:31:40]} 4. O-O
{[%clk 1:25:44]} e4 {[%clk 1:17:36]} 5. Ne1 {[%clk 1:25:51]} d5 {[%clk 1:15:44]}
6. c4 {[%clk 1:25:07]} c6 {[%clk 1:08:09]} 7. Qa4 {[%clk 1:22:10]} Nf6
{[%clk 1:02:44]} 8. cxd5 {[%clk 1:21:26]} b5 {[%clk 1:00:00]} 9. Qc2
{[%clk 1:12:33]} cxd5 {[%clk 0:58:21]} 10. Nc3 {[%clk 1:11:55]} O-O
{[%clk 0:54:42]} 11. Nxb5 {[%clk 1:10:20]} Na6 {[%clk 0:53:50]} 12. d3
{[%clk 0:53:48]} Bd7 {[%clk 0:49:51]} 13. Nc3 {[%clk 0:50:27]} Rc8
{[%clk 0:49:12]} 14. Qd1 {[%clk 0:37:59]} Qe7 {[%clk 0:28:48]} 15. Bg5
{[%clk 0:37:34]} Bc6 {[%clk 0:28:51]} 16. Nc2 {[%clk 0:33:35]} h6
{[%clk 0:23:36]} 17. Bxf6 {[%clk 0:32:24]} Bxf6 {[%clk 0:23:47]} 18. d4
{[%clk 0:32:45]} Rb8 {[%clk 0:17:34]} 19. Rb1 {[%clk 0:31:55]} Nc7
{[%clk 0:14:12]} 20. e3 {[%clk 0:26:17]} h5 {[%clk 0:14:01]} 21. Na1
{[%clk 0:21:25]} h4 {[%clk 0:12:56]} 22. Nb3 {[%clk 0:21:24]} hxg3
{[%clk 0:11:25]} 23. hxg3 {[%clk 0:21:47]} Kg7 {[%clk 0:08:14]} 24. Nc5
{[%clk 0:17:29]} a5 {[%clk 0:08:03]} 25. Bh3 {[%clk 0:14:54]} Bg5
{[%clk 0:07:50]} 26. Qd2 {[%clk 0:09:27]} Rh8 {[%clk 0:07:34]} 27. Kg2
{[%clk 0:09:32]} f5 {[%clk 0:04:47]} 28. Rh1 {[%clk 0:09:54]} Bh6
{[%clk 0:04:13]} 29. Kf1 {[%clk 0:06:43]} Kf6 {[%clk 0:04:34]} 30. Ke2
{[%clk 0:06:08]} g5 {[%clk 0:04:06]} 31. Rbg1 {[%clk 0:05:06]} Be8
{[%clk 0:03:20]} 32. Kd1 {[%clk 0:04:45]} Bc6 {[%clk 0:02:50]} 33. Bf1
{[%clk 0:04:31]} Rh7 {[%clk 0:02:54]} 34. Kc1 {[%clk 0:04:19]} Qe8
{[%clk 0:02:54]} 35. Be2 {[%clk 0:04:27]} Qh8 {[%clk 0:03:04]} 36. Rh5
{[%clk 0:03:53]} Be8 {[%clk 0:03:14]} 37. Rhh1 {[%clk 0:04:01]} Bf8
{[%clk 0:03:05]} 38. Rxh7 {[%clk 0:03:38]} Qxh7 {[%clk 0:03:32]} 39. Qd1
{[%clk 0:03:13]} Bc6 {[%clk 0:01:30]} 40. Rh1 {[%clk 0:02:34]} Bh6
{[%clk 0:00:59]} 41. Qd2 {[%clk 0:19:35]} g4 {[%clk 0:19:25]} 42. Nb1
{[%clk 0:16:01]} Kg6 {[%clk 0:18:44]} 43. Kc2 {[%clk 0:15:30]} Ra8
{[%clk 0:18:19]} 44. Qc3 {[%clk 0:14:46]} Qe7 {[%clk 0:17:12]} 45. Qb3
{[%clk 0:11:59]} Qd6 {[%clk 0:16:12]} 46. Nc3 {[%clk 0:11:06]} Bf8
{[%clk 0:10:45]} 47. Qb6 {[%clk 0:11:13]} Be7 {[%clk 0:10:26]} 48. Nb3
{[%clk 0:09:10]} a4 {[%clk 0:08:30]} 49. Nc5 {[%clk 0:09:30]} Ne8
{[%clk 0:07:19]} 50. Bb5 {[%clk 0:07:33]} Bxb5 {[%clk 0:07:12]} 51. Qxb5
{[%clk 0:07:54]} Nc7 {[%clk 0:05:58]} 52. Qb7 {[%clk 0:07:16]} Rd8
{[%clk 0:02:56]} 53. N3xa4 {[%clk 0:07:05]} Ne8 {[%clk 0:03:05]} 54. Nc3
{[%clk 0:06:31]} Nf6 {[%clk 0:03:27]} 55. Nb5 {[%clk 0:06:14]} Qb8
{[%clk 0:03:34]} 56. Qxe7 {[%clk 0:05:17]} Rc8 {[%clk 0:03:13]} 57. Nd6
{[%clk 0:04:42]} 1-0

[Event "SS Manhem Chess Week 2016 GM and IM tournaments"]
[Site "Idrottsvägen 2, Mölnlycke, Sweden"]
[Date "2016.08.16"]
[Round "5.10"]
[White "Andersson, Tommy"]
[Black "Ask, Josef"]
[Result "1/2-1/2"]
[BlackElo "2208"]
[WhiteElo "2386"]
[LiveChessVersion "1.4.8"]

1. d4 {[%clk 1:30:58]} Nf6 {[%clk 1:30:47]} 2. c4 {[%clk 1:31:23]} g6
{[%clk 1:31:01]} 3. Nc3 {[%clk 1:31:46]} Bg7 {[%clk 1:31:20]} 4. e4
{[%clk 1:32:12]} d6 {[%clk 1:31:37]} 5. f3 {[%clk 1:32:36]} O-O {[%clk 1:31:50]}
6. Be3 {[%clk 1:33:00]} c6 {[%clk 1:31:09]} 7. Qd2 {[%clk 1:32:35]} e5
{[%clk 1:31:23]} 8. d5 {[%clk 1:32:35]} cxd5 {[%clk 1:31:18]} 9. cxd5
{[%clk 1:32:50]} a6 {[%clk 1:31:07]} 10. Bd3 {[%clk 1:30:10]} Nh5
{[%clk 1:29:44]} 11. Nge2 {[%clk 1:28:42]} f5 {[%clk 1:28:54]} 12. exf5
{[%clk 1:26:22]} gxf5 {[%clk 1:26:24]} 13. O-O-O {[%clk 1:21:57]} Nd7
{[%clk 1:23:42]} 14. g4 {[%clk 1:12:23]} fxg4 {[%clk 1:20:26]} 15. fxg4
{[%clk 1:12:31]} Nf4 {[%clk 1:19:51]} 16. Bb1 {[%clk 0:56:19]} Qh4
{[%clk 1:11:19]} 17. h3 {[%clk 0:49:54]} Nc5 {[%clk 1:07:01]} 18. Nxf4
{[%clk 0:37:02]} exf4 {[%clk 1:07:16]} 19. Bf2 {[%clk 0:35:31]} Qh6
{[%clk 1:00:29]} 20. Bd4 {[%clk 0:30:42]} Bxd4 {[%clk 0:57:47]} 21. Qxd4
{[%clk 0:30:00]} f3+ {[%clk 0:56:19]} 22. Qd2 {[%clk 0:30:13]} Qf4
{[%clk 0:53:28]} 23. Qxf4 {[%clk 0:26:05]} Rxf4 {[%clk 0:53:54]} 24. Kd2
{[%clk 0:25:03]} Bd7 {[%clk 0:53:43]} 25. Ke3 {[%clk 0:22:29]} Raf8
{[%clk 0:53:34]} 26. Rd4 {[%clk 0:13:10]} Rxd4 {[%clk 0:51:59]} 27. Kxd4
{[%clk 0:13:38]} h5 {[%clk 0:45:52]} 28. Ke3 {[%clk 0:04:21]} hxg4
{[%clk 0:41:02]} 29. hxg4 {[%clk 0:04:39]} Bxg4 {[%clk 0:36:06]} 30. Kf2
{[%clk 0:04:00]} Bf5 {[%clk 0:34:51]} 31. b4 {[%clk 0:03:12]} Nd7
{[%clk 0:34:21]} 32. Bxf5 {[%clk 0:02:04]} Rxf5 {[%clk 0:34:47]} 33. Ne4
{[%clk 0:02:08]} Rxd5 {[%clk 0:33:22]} 34. Kxf3 {[%clk 0:02:30]} Rd4
{[%clk 0:31:07]} 35. Ke3 {[%clk 0:01:45]} Rxb4 {[%clk 0:31:04]} 36. Nxd6
{[%clk 0:02:12]} Rb2 {[%clk 0:30:54]} 37. Rc1 {[%clk 0:01:55]} b5
{[%clk 0:28:57]} 38. Rc8+ {[%clk 0:01:42]} Nf8 {[%clk 0:28:54]} 39. Ra8
{[%clk 0:01:50]} Rxa2 {[%clk 0:27:43]} 40. Nxb5 {[%clk 0:01:57]} Kg7
{[%clk 0:26:49]} 41. Kd3 {[%clk 0:26:29]} Ne6 {[%clk 0:56:58]} 42. Ra7+
{[%clk 0:23:44]} Kf6 {[%clk 0:57:03]} 43. Nc7 {[%clk 0:24:08]} Nxc7
{[%clk 0:55:54]} 44. Rxc7 {[%clk 0:24:29]} Ke5 {[%clk 0:56:02]} 45. Kc3
{[%clk 0:24:47]} Kd6 {[%clk 0:55:56]} 46. Rc8 {[%clk 0:25:07]} 1/2-1/2

[Event "SS Manhem Chess Week 2016 GM and IM tournaments"]
[Site "Idrottsvägen 2, Mölnlycke, Sweden"]
[Date "2016.08.17"]
[Round "6.6"]
[White "Franco Alonso, Alejandro"]
[Black "Kumar, Rahul"]
[Result "0-1"]
[BlackElo "2184"]
[WhiteElo "2430"]
[LiveChessVersion "1.4.8"]

1. d4 {[%clk 1:30:54]} d6 {[%clk 1:30:45]} 2. Nf3 {[%clk 1:31:08]} g6
{[%clk 1:31:00]} 3. c4 {[%clk 1:31:27]} Bg7 {[%clk 1:31:21]} 4. Nc3
{[%clk 1:31:48]} Bg4 {[%clk 1:31:39]} 5. e3 {[%clk 1:31:09]} Nc6 {[%clk 1:31:56]}
6. Be2 {[%clk 1:31:18]} e5 {[%clk 1:32:17]} 7. d5 {[%clk 1:31:27]} Nce7
{[%clk 1:32:31]} 8. e4 {[%clk 1:31:44]} Nf6 {[%clk 1:30:15]} 9. Be3
{[%clk 1:24:22]} O-O {[%clk 1:30:36]} 10. O-O {[%clk 1:22:44]} h6
{[%clk 1:18:15]} 11. Nd2 {[%clk 1:06:41]} Bxe2 {[%clk 1:15:35]} 12. Qxe2
{[%clk 1:07:05]} Nh5 {[%clk 1:15:54]} 13. g3 {[%clk 1:01:02]} Qd7
{[%clk 1:14:34]} 14. c5 {[%clk 0:55:19]} f5 {[%clk 1:13:42]} 15. cxd6
{[%clk 0:51:44]} cxd6 {[%clk 1:13:59]} 16. exf5 {[%clk 0:49:12]} Nxf5
{[%clk 1:13:46]} 17. Qb5 {[%clk 0:45:23]} Qe7 {[%clk 1:04:52]} 18. Qd3
{[%clk 0:43:32]} Nf6 {[%clk 0:56:07]} 19. Nce4 {[%clk 0:41:31]} Ng4
{[%clk 0:56:11]} 20. Rac1 {[%clk 0:39:51]} Rf7 {[%clk 0:55:56]} 21. Rc4
{[%clk 0:33:54]} Raf8 {[%clk 0:51:18]} 22. Rfc1 {[%clk 0:24:02]} Ngxe3
{[%clk 0:48:29]} 23. fxe3 {[%clk 0:24:25]} h5 {[%clk 0:48:02]} 24. Rc8
{[%clk 0:22:39]} Bh6 {[%clk 0:47:54]} 25. Nf1 {[%clk 0:22:47]} Kg7
{[%clk 0:44:47]} 26. Rxf8 {[%clk 0:20:37]} Qxf8 {[%clk 0:44:30]} 27. Rc3
{[%clk 0:17:47]} Qd8 {[%clk 0:32:08]} 28. Qb5 {[%clk 0:16:18]} a6
{[%clk 0:31:39]} 29. Qb4 {[%clk 0:15:44]} Qd7 {[%clk 0:27:11]} 30. Qc4
{[%clk 0:11:47]} Qd8 {[%clk 0:26:38]} 31. Qb4 {[%clk 0:11:38]} Qd7
{[%clk 0:26:54]} 32. a4 {[%clk 0:09:40]} Rf8 {[%clk 0:20:14]} 33. Qc4
{[%clk 0:09:25]} Qf7 {[%clk 0:18:39]} 34. a5 {[%clk 0:07:49]} Ne7
{[%clk 0:16:13]} 35. Rb3 {[%clk 0:04:29]} Nxd5 {[%clk 0:06:45]} 36. Qe2
{[%clk 0:00:39]} Nf4 {[%clk 0:05:19]} 37. exf4 {[%clk 0:00:32]} Qxb3
{[%clk 0:05:35]} 38. Nxd6 {[%clk 0:00:55]} exf4 {[%clk 0:05:12]} 39. Qe7+
{[%clk 0:00:45]} Kg8 {[%clk 0:04:14]} 40. Qe4 {[%clk 0:00:38]} Kh7
{[%clk 0:03:30]} 41. Qxb7+ {[%clk 0:25:33]} Qxb7 {[%clk 0:33:39]} 42. Nxb7
{[%clk 0:25:59]} fxg3 {[%clk 0:32:10]} 43. hxg3 {[%clk 0:24:59]} Bg7
{[%clk 0:32:21]} 0-1

[Event "SS Manhem Chess Week 2016 GM and IM tournaments"]
[Site "Idrottsvägen 2, Mölnlycke, Sweden"]
[Date "2016.08.17"]
[Round "6.7"]
[White "Ziegler, Ari"]
[Black "Andersson, Tommy"]
[Result "0-1"]
[BlackElo "2386"]
[WhiteElo "2301"]
[LiveChessVersion "1.4.8"]

1. d4 {[%clk 1:30:58]} Nf6 {[%clk 1:30:54]} 2. Nf3 {[%clk 1:31:24]} e6
{[%clk 1:31:19]} 3. Bf4 {[%clk 1:31:50]} b6 {[%clk 1:27:17]} 4. e3
{[%clk 1:31:30]} Bb7 {[%clk 1:27:07]} 5. h3 {[%clk 1:30:54]} Bd6 {[%clk 1:17:54]}
6. Bxd6 {[%clk 1:30:28]} cxd6 {[%clk 1:18:09]} 7. Be2 {[%clk 1:28:30]} Nc6
{[%clk 1:16:54]} 8. O-O {[%clk 1:28:43]} d5 {[%clk 1:13:26]} 9. Nbd2
{[%clk 1:25:22]} O-O {[%clk 1:13:00]} 10. c3 {[%clk 1:14:15]} d6 {[%clk 1:05:19]}
11. Ne1 {[%clk 1:14:36]} Ne4 {[%clk 1:03:48]} 12. Kh2 {[%clk 0:54:21]} Qg5
{[%clk 1:01:58]} 13. Nd3 {[%clk 0:46:23]} e5 {[%clk 0:49:19]} 14. dxe5
{[%clk 0:32:57]} dxe5 {[%clk 0:36:43]} 15. Rc1 {[%clk 0:16:49]} Rad8
{[%clk 0:32:17]} 16. Rc2 {[%clk 0:15:29]} Rd6 {[%clk 0:24:51]} 17. f4
{[%clk 0:13:04]} Qg3+ {[%clk 0:22:37]} 18. Kh1 {[%clk 0:13:24]} Qxe3
{[%clk 0:13:13]} 19. Rf3 {[%clk 0:06:12]} Ng3+ {[%clk 0:12:49]} 20. Kh2
{[%clk 0:06:07]} Qxe2 {[%clk 0:13:05]} 21. Qxe2 {[%clk 0:06:25]} Nxe2
{[%clk 0:13:28]} 22. fxe5 {[%clk 0:06:52]} Re6 {[%clk 0:11:21]} 23. Re3
{[%clk 0:02:01]} Ba6 {[%clk 0:10:36]} 0-1

[Event "SS Manhem Chess Week 2016 GM and IM tournaments"]
[Site "Idrottsvägen 2, Mölnlycke, Sweden"]
[Date "2016.08.17"]
[Round "6.8"]
[White "Ernst, Thomas"]
[Black "Ask, Josef"]
[Result "1-0"]
[BlackElo "2208"]
[WhiteElo "2357"]
[LiveChessVersion "1.4.8"]

1. e4 {[%clk 1:30:54]} e5 {[%clk 1:30:48]} 2. Nf3 {[%clk 1:31:17]} Nc6
{[%clk 1:31:12]} 3. Bb5 {[%clk 1:31:32]} a6 {[%clk 1:31:24]} 4. Ba4
{[%clk 1:31:53]} Nf6 {[%clk 1:31:46]} 5. O-O {[%clk 1:32:16]} Be7
{[%clk 1:32:02]} 6. Re1 {[%clk 1:32:36]} b5 {[%clk 1:32:25]} 7. Bb3
{[%clk 1:32:57]} d6 {[%clk 1:32:42]} 8. c3 {[%clk 1:33:16]} O-O {[%clk 1:33:04]}
9. h3 {[%clk 1:33:15]} Na5 {[%clk 1:32:50]} 10. Bc2 {[%clk 1:33:34]} c5
{[%clk 1:33:13]} 11. d4 {[%clk 1:33:42]} cxd4 {[%clk 1:32:53]} 12. cxd4
{[%clk 1:34:06]} Qc7 {[%clk 1:33:11]} 13. Nbd2 {[%clk 1:29:08]} Bb7
{[%clk 1:31:48]} 14. d5 {[%clk 1:28:47]} Rac8 {[%clk 1:31:48]} 15. Bd3
{[%clk 1:28:30]} Nd7 {[%clk 1:31:47]} 16. Nf1 {[%clk 1:28:38]} f5
{[%clk 1:31:32]} 17. Ng3 {[%clk 1:08:27]} f4 {[%clk 1:31:05]} 18. Nf1
{[%clk 1:06:25]} Nc5 {[%clk 1:23:29]} 19. b3 {[%clk 1:02:11]} Nxd3
{[%clk 1:20:24]} 20. Qxd3 {[%clk 1:02:35]} Qb6 {[%clk 1:10:31]} 21. Bd2
{[%clk 0:52:02]} Rc7 {[%clk 0:57:31]} 22. Rec1 {[%clk 0:49:00]} Rxc1
{[%clk 0:54:20]} 23. Rxc1 {[%clk 0:49:23]} b4 {[%clk 0:51:21]} 24. Ne1
{[%clk 0:43:10]} Bc8 {[%clk 0:48:04]} 25. Nc2 {[%clk 0:40:32]} f3
{[%clk 0:46:09]} 26. g3 {[%clk 0:39:23]} Bxh3 {[%clk 0:45:12]} 27. Nh2
{[%clk 0:38:45]} Rc8 {[%clk 0:39:41]} 28. Be3 {[%clk 0:27:10]} Qb7
{[%clk 0:37:26]} 29. Qd2 {[%clk 0:25:48]} Rc3 {[%clk 0:35:30]} 30. Nxf3
{[%clk 0:26:01]} Qb5 {[%clk 0:34:28]} 31. Kh2 {[%clk 0:21:57]} Bg4
{[%clk 0:33:54]} 32. Ng1 {[%clk 0:18:22]} Nb7 {[%clk 0:32:40]} 33. Na3
{[%clk 0:16:43]} Qd3 {[%clk 0:22:19]} 34. Rxc3 {[%clk 0:16:36]} Qxc3
{[%clk 0:21:07]} 35. Qxc3 {[%clk 0:16:35]} bxc3 {[%clk 0:21:34]} 36. f3
{[%clk 0:16:25]} Bh5 {[%clk 0:21:21]} 37. g4 {[%clk 0:16:42]} Bg6
{[%clk 0:21:00]} 38. Ne2 {[%clk 0:16:41]} h5 {[%clk 0:21:00]} 39. Kh3
{[%clk 0:14:21]} Bd8 {[%clk 0:20:56]} 40. Nxc3 {[%clk 0:13:56]} Ba5
{[%clk 0:20:34]} 41. Ne2 {[%clk 0:11:56]} Kf7 {[%clk 0:19:40]} 42. Ng3
{[%clk 0:08:02]} hxg4+ {[%clk 0:19:27]} 43. Kxg4 {[%clk 0:08:22]} Kf6
{[%clk 0:14:09]} 44. Bg5+ {[%clk 0:06:37]} Kf7 {[%clk 0:14:36]} 45. Nc4
{[%clk 0:06:41]} Bc7 {[%clk 0:09:54]} 46. Nf5 {[%clk 0:06:05]} Bh7
{[%clk 0:06:33]} 47. b4 {[%clk 0:30:05]} g6 {[%clk 0:36:57]} 48. Ne7
{[%clk 0:28:50]} Ke8 {[%clk 0:33:09]} 49. Nc6 {[%clk 0:28:50]} Bg8
{[%clk 0:31:41]} 50. a4 {[%clk 0:25:35]} Kd7 {[%clk 0:28:20]} 51. Bf6
{[%clk 0:24:25]} Bf7 {[%clk 0:27:00]} 52. b5 {[%clk 0:22:42]} axb5
{[%clk 0:26:51]} 53. axb5 {[%clk 0:23:07]} Kc8 {[%clk 0:27:05]} 54. b6
{[%clk 0:22:44]} Bb8 {[%clk 0:26:12]} 55. Nxb8 {[%clk 0:22:45]} Kxb8
{[%clk 0:26:07]} 56. Be7 {[%clk 0:22:53]} 1-0

[Event "SS Manhem Chess Week 2016 GM and IM tournaments"]
[Site "Idrottsvägen 2, Mölnlycke, Sweden"]
[Date "2016.08.17"]
[Round "6.9"]
[White "Nygren, Kim"]
[Black "Fendrich, David"]
[Result "0-1"]
[BlackElo "2201"]
[WhiteElo "2240"]
[LiveChessVersion "1.4.8"]

1. e4 {[%clk 1:30:57]} d6 {[%clk 1:30:52]} 2. d4 {[%clk 1:31:20]} e5
{[%clk 1:31:17]} 3. Nf3 {[%clk 1:31:43]} exd4 {[%clk 1:31:40]} 4. Nxd4
{[%clk 1:32:06]} Nf6 {[%clk 1:32:02]} 5. Nc3 {[%clk 1:32:32]} Be7
{[%clk 1:32:26]} 6. Bc4 {[%clk 1:29:57]} O-O {[%clk 1:32:42]} 7. Bb3
{[%clk 1:29:30]} c5 {[%clk 1:30:23]} 8. Nf3 {[%clk 1:27:59]} Nc6 {[%clk 1:24:13]}
9. h3 {[%clk 1:22:43]} Be6 {[%clk 1:14:31]} 10. Bxe6 {[%clk 1:21:37]} fxe6
{[%clk 1:14:49]} 11. Qe2 {[%clk 1:21:24]} Nd4 {[%clk 1:08:20]} 12. Nxd4
{[%clk 1:20:09]} cxd4 {[%clk 1:08:44]} 13. Nb5 {[%clk 1:19:41]} e5
{[%clk 1:04:47]} 14. c4 {[%clk 1:15:22]} Nd7 {[%clk 0:52:04]} 15. O-O
{[%clk 1:14:01]} a6 {[%clk 0:51:53]} 16. Na3 {[%clk 1:12:21]} Bg5
{[%clk 0:49:44]} 17. Qg4 {[%clk 1:11:25]} Bxc1 {[%clk 0:49:46]} 18. Raxc1
{[%clk 1:11:43]} Nc5 {[%clk 0:46:03]} 19. g3 {[%clk 1:01:46]} Rf6
{[%clk 0:41:41]} 20. b4 {[%clk 0:54:18]} Nd3 {[%clk 0:32:19]} 21. Rb1
{[%clk 0:48:54]} a5 {[%clk 0:21:14]} 22. bxa5 {[%clk 0:41:54]} Nc5
{[%clk 0:20:01]} 23. f4 {[%clk 0:36:22]} Rg6 {[%clk 0:17:07]} 24. Qf3
{[%clk 0:36:27]} Qd7 {[%clk 0:13:49]} 25. f5 {[%clk 0:31:25]} Rf6
{[%clk 0:14:14]} 26. g4 {[%clk 0:31:17]} Qc6 {[%clk 0:12:23]} 27. g5
{[%clk 0:30:33]} Rff8 {[%clk 0:12:49]} 28. Rbe1 {[%clk 0:30:05]} Rxa5
{[%clk 0:13:03]} 29. f6 {[%clk 0:29:15]} d3 {[%clk 0:10:02]} 30. Nb1
{[%clk 0:27:44]} d2 {[%clk 0:08:39]} 31. Nxd2 {[%clk 0:27:29]} Rxa2
{[%clk 0:09:02]} 32. Qe3 {[%clk 0:26:34]} Ne6 {[%clk 0:08:17]} 33. Kh1
{[%clk 0:21:14]} Qc5 {[%clk 0:07:10]} 34. Qxc5 {[%clk 0:14:03]} dxc5
{[%clk 0:07:35]} 35. Nf3 {[%clk 0:13:11]} gxf6 {[%clk 0:07:28]} 36. gxf6
{[%clk 0:13:32]} Rxf6 {[%clk 0:07:24]} 37. Nxe5 {[%clk 0:13:47]} Rxf1+
{[%clk 0:04:12]} 38. Rxf1 {[%clk 0:14:13]} Re2 {[%clk 0:03:49]} 39. Ng4
{[%clk 0:13:11]} Ng5 {[%clk 0:02:45]} 40. Rb1 {[%clk 0:10:50]} h5
{[%clk 0:00:38]} 41. Nf2 {[%clk 0:03:01]} Nxe4 {[%clk 0:22:28]} 42. Nxe4
{[%clk 0:33:53]} Rxe4 {[%clk 0:22:53]} 43. Rxb7 {[%clk 0:34:18]} Rxc4
{[%clk 0:23:13]} 44. Kg2 {[%clk 0:34:40]} h4 {[%clk 0:17:35]} 45. Kf3
{[%clk 0:34:05]} Kf8 {[%clk 0:15:47]} 46. Rc7 {[%clk 0:34:27]} Ke8
{[%clk 0:15:49]} 47. Rh7 {[%clk 0:32:46]} Kd8 {[%clk 0:15:51]} 48. Ke3
{[%clk 0:31:33]} Rc3+ {[%clk 0:13:13]} 49. Kf2 {[%clk 0:29:25]} Rxh3
{[%clk 0:12:59]} 50. Rh5 {[%clk 0:29:12]} c4 {[%clk 0:12:38]} 51. Rc5
{[%clk 0:27:17]} Rc3 {[%clk 0:11:10]} 52. Ke2 {[%clk 0:26:59]} Kd7
{[%clk 0:09:48]} 53. Kd2 {[%clk 0:26:05]} Kd6 {[%clk 0:09:09]} 54. Rc8
{[%clk 0:25:41]} Rd3+ {[%clk 0:07:57]} 55. Ke2 {[%clk 0:25:43]} Kd5
{[%clk 0:07:45]} 56. Rd8+ {[%clk 0:23:32]} Ke4 {[%clk 0:06:49]} 57. Re8+
{[%clk 0:23:21]} Kd4 {[%clk 0:07:08]} 58. Rd8+ {[%clk 0:23:19]} Kc3
{[%clk 0:07:30]} 59. Rh8 {[%clk 0:23:10]} h3 {[%clk 0:07:51]} 60. Rh4
{[%clk 0:23:11]} h2 {[%clk 0:07:02]} 61. Rh7 {[%clk 0:23:26]} Kc2
{[%clk 0:07:06]} 62. Rh4 {[%clk 0:23:35]} 0-1

[Event "SS Manhem Chess Week 2016 GM and IM tournaments"]
[Site "Idrottsvägen 2, Mölnlycke, Sweden"]
[Date "2016.08.17"]
[Round "6.10"]
[White "Efroimski, Marsel"]
[Black "Fries-Nielsen, Jens Ove"]
[Result "1/2-1/2"]
[BlackElo "2369"]
[WhiteElo "2329"]
[LiveChessVersion "1.4.8"]

1. e4 {[%clk 1:27:49]} a6 {[%clk 1:25:32]} 2. d4 {[%clk 1:27:21]} d6
{[%clk 1:25:46]} 3. Nc3 {[%clk 1:27:26]} b5 {[%clk 1:25:49]} 4. Nf3
{[%clk 1:19:59]} Bb7 {[%clk 1:24:24]} 5. Bd3 {[%clk 1:15:20]} Nd7
{[%clk 1:23:27]} 6. a4 {[%clk 1:12:13]} b4 {[%clk 1:21:12]} 7. Ne2
{[%clk 1:10:47]} Ngf6 {[%clk 1:21:22]} 8. Ng3 {[%clk 1:07:14]} e6
{[%clk 1:13:10]} 9. Qe2 {[%clk 1:06:50]} Be7 {[%clk 1:09:57]} 10. O-O
{[%clk 1:02:04]} O-O {[%clk 1:08:14]} 11. Re1 {[%clk 0:59:01]} Re8
{[%clk 1:07:10]} 12. e5 {[%clk 0:39:24]} dxe5 {[%clk 1:06:20]} 13. dxe5
{[%clk 0:39:01]} Nd5 {[%clk 1:00:22]} 14. Ne4 {[%clk 0:37:38]} Nf8
{[%clk 1:00:30]} 15. g3 {[%clk 0:23:51]} a5 {[%clk 0:59:26]} 16. Bd2
{[%clk 0:20:52]} Qc8 {[%clk 0:59:34]} 17. b3 {[%clk 0:13:14]} 1/2-1/2

[Event "SS Manhem Chess Week 2016 GM and IM tournaments"]
[Site "Idrottsvägen 2, Mölnlycke, Sweden"]
[Date "2016.08.17"]
[Round "7.6"]
[White "Fendrich, David"]
[Black "Franco Alonso, Alejandro"]
[Result "0-1"]
[BlackElo "2430"]
[WhiteElo "2201"]
[LiveChessVersion "1.4.8"]

1. c4 {[%clk 1:30:54]} e5 {[%clk 1:30:45]} 2. g3 {[%clk 1:31:18]} Nf6
{[%clk 1:30:45]} 3. Bg2 {[%clk 1:31:43]} d5 {[%clk 1:31:00]} 4. cxd5
{[%clk 1:32:07]} Nxd5 {[%clk 1:31:24]} 5. Nf3 {[%clk 1:32:29]} Nc6
{[%clk 1:31:42]} 6. O-O {[%clk 1:32:51]} Nb6 {[%clk 1:31:32]} 7. d3
{[%clk 1:31:15]} Be7 {[%clk 1:31:37]} 8. Nbd2 {[%clk 1:30:22]} O-O
{[%clk 1:31:17]} 9. a3 {[%clk 1:30:36]} Re8 {[%clk 1:26:58]} 10. b4
{[%clk 1:27:41]} Nd4 {[%clk 1:26:40]} 11. Bb2 {[%clk 1:24:22]} Nxf3+
{[%clk 1:18:28]} 12. Nxf3 {[%clk 1:20:55]} Bd6 {[%clk 1:17:33]} 13. Rc1
{[%clk 1:11:50]} c6 {[%clk 1:11:57]} 14. Qd2 {[%clk 1:03:27]} a5 {[%clk 1:09:59]}
15. e4 {[%clk 0:50:43]} axb4 {[%clk 0:57:03]} 16. axb4 {[%clk 0:47:13]} Qe7
{[%clk 0:56:26]} 17. Qe3 {[%clk 0:41:13]} Na4 {[%clk 0:49:50]} 18. Ba1
{[%clk 0:41:09]} Bg4 {[%clk 0:45:56]} 19. d4 {[%clk 0:38:38]} Bxf3
{[%clk 0:45:41]} 20. Bxf3 {[%clk 0:35:27]} exd4 {[%clk 0:44:50]} 21. Qxd4
{[%clk 0:35:39]} Be5 {[%clk 0:44:44]} 22. Qxe5 {[%clk 0:32:21]} Qxe5
{[%clk 0:44:57]} 23. Bxe5 {[%clk 0:32:45]} Rxe5 {[%clk 0:45:22]} 24. Rfd1
{[%clk 0:30:52]} Nb6 {[%clk 0:41:56]} 25. Ra1 {[%clk 0:23:43]} Rb8
{[%clk 0:23:40]} 26. Rd4 {[%clk 0:22:14]} Kf8 {[%clk 0:22:36]} 27. Bg2
{[%clk 0:19:39]} Ree8 {[%clk 0:20:08]} 28. f4 {[%clk 0:18:06]} f6
{[%clk 0:12:28]} 29. Kf2 {[%clk 0:15:02]} Ra8 {[%clk 0:11:45]} 30. Rxa8
{[%clk 0:11:23]} Rxa8 {[%clk 0:12:02]} 31. Bf1 {[%clk 0:07:23]} Ra2+
{[%clk 0:11:00]} 32. Be2 {[%clk 0:07:28]} Ke7 {[%clk 0:11:15]} 33. Ke3
{[%clk 0:07:27]} Rb2 {[%clk 0:10:09]} 34. h4 {[%clk 0:07:23]} h6 {[%clk 0:09:59]}
35. h5 {[%clk 0:06:38]} Rb3+ {[%clk 0:09:10]} 36. Bd3 {[%clk 0:05:31]} Nd7
{[%clk 0:04:48]} 37. Kd2 {[%clk 0:02:21]} c5 {[%clk 0:04:12]} 38. bxc5
{[%clk 0:02:42]} Nxc5 {[%clk 0:04:36]} 39. Kc2 {[%clk 0:01:00]} b6
{[%clk 0:01:30]} 40. Rd5 {[%clk 0:00:44]} Ra3 {[%clk 0:00:54]} 41. Kd2
{[%clk 0:19:38]} Rb3 {[%clk 0:26:04]} 42. Ke3 {[%clk 0:17:18]} Ra3
{[%clk 0:15:01]} 43. Ke2 {[%clk 0:16:54]} Ra5 {[%clk 0:10:54]} 44. Ke3
{[%clk 0:14:48]} Ra4 {[%clk 0:09:50]} 45. Rd4 {[%clk 0:14:36]} Ra3
{[%clk 0:09:32]} 46. Rd5 {[%clk 0:14:20]} Na6 {[%clk 0:09:11]} 47. Rd4
{[%clk 0:13:05]} b5 {[%clk 0:08:23]} 48. Kf2 {[%clk 0:12:03]} Rb3
{[%clk 0:08:01]} 49. Kg2 {[%clk 0:06:43]} Nc5 {[%clk 0:07:33]} 50. Be2
{[%clk 0:05:54]} b4 {[%clk 0:07:36]} 51. Bg4 {[%clk 0:03:28]} Rb2+
{[%clk 0:06:28]} 52. Kf3 {[%clk 0:03:29]} b3 {[%clk 0:06:44]} 53. e5
{[%clk 0:01:54]} fxe5 {[%clk 0:05:24]} 54. fxe5 {[%clk 0:02:20]} Rc2
{[%clk 0:05:24]} 55. Bf5 {[%clk 0:02:42]} Rc3+ {[%clk 0:05:47]} 56. Kg4
{[%clk 0:02:54]} b2 {[%clk 0:05:35]} 57. Rd2 {[%clk 0:01:58]} Rb3
{[%clk 0:04:20]} 58. Rd1 {[%clk 0:02:06]} Rc3 {[%clk 0:01:59]} 59. Rd2
{[%clk 0:02:07]} Rb3 {[%clk 0:01:26]} 60. Rd1 {[%clk 0:02:34]} Rb7
{[%clk 0:01:50]} 61. Bc2 {[%clk 0:00:43]} Rb4+ {[%clk 0:02:03]} 62. Kf5
{[%clk 0:01:04]} Rc4 {[%clk 0:02:22]} 63. Bb1 {[%clk 0:00:31]} Rc1
{[%clk 0:02:43]} 64. Rd5 {[%clk 0:00:56]} Rxb1 {[%clk 0:03:05]} 0-1